| 000 | 00765nam a2200241Ia 4500 | ||
|---|---|---|---|
| 005 | 20240802143731.0 | ||
| 008 | 131103s9999 xx 000 0 und d | ||
| 020 | _a039396292X | ||
| 040 | _aLoreto College | ||
| 041 | _aEnglish | ||
| 082 |
_a823.8 _bDIC |
||
| 245 |
_aCharles Dickens _b Oliver Twist : authoritative text backgrounds and sources early reviews criticism _cedited by Fred Kaplan |
||
| 260 |
_aNew York, London _bW.W.Norton and Company _c1993 |
||
| 300 | _axii,610p, 21 cm. | ||
| 440 | _aA Norton Critical Edition | ||
| 504 | _aIncludes bibliography | ||
| 630 | _aFiction | ||
| 650 | _aDickens, Charles, 1812-1870 - Criticism and Interpretation | ||
| 651 | _aOliver Twist | ||
| 700 | _aKaplan, Fred, ed | ||
| 850 | _aLCLIB | ||
| 942 | _cBK | ||
| 999 |
_c2553 _d53032 |
||